000 00466nam a2200181Ia 4500
005 20250423095822.0
008 250422s9999 xx 000 0 und d
020 _a9781119761464
050 _aT 58.6 .R35/
100 _aRainer, Kelly R.
245 0 _aIntroduction to information systems: supporting and transforming business
250 _a9th ed.
260 _aNew Jersey
260 _bJohn Wiley & Sons
260 _c2022
300 _a592 p
942 _cBK
999 _c31427
_d31427